Colors of Catholic Liturgical Year Quiz Stats

 Plays Quiz Updated Jul 29, 2014

Support Sporcle.
Go Orange.
Score 0/5 Timer 01:00
0 Plays Today
Season or Occasion Color % Correct
Advent, Lent, Sacrament of Reconciliation???
75%
Pentecost, Palm Sunday, Confirmation masses???
73.6%
Ordinary Time???
69.1%
Christmastide, Easter season, Holy Thursday, weddings, baptisms???
61.6%
All Soul's Day, masses and offices for the dead???
59.1%

You're not logged in!

Compare scores with friends on all Sporcle quizzes.
OR
Log In

From the Vault

Beers of Mexico

by Herb11

Let's sit right here and have another beer in Mexico.
Remove Ads.
Support Sporcle.
Get the best of Sporcle when you Go Orange. This ad-free experience offers more features, more stats, and more fun while also helping to support Sporcle. Thank you for becoming a member.

Show Comments

Extras

Top Quizzes Today


Score Distribution

Your Account Isn't Verified!

In order to create a playlist on Sporcle, you need to verify the email address you used during registration. Go to your Sporcle Settings to finish the process.

Report this User

Report this user for behavior that violates our Community Guidelines.

Details: